LEADER 00959nam a2200241 4500 001 000000338750 003 CaOOAMICUS 005 20200109111334.0 008 200109s2018 it 000 u ita r 020 $a978-88-17-09910-3 040 $aSeMil$bita 100 1 $aWohl, Louis : de,$d<1903-1961>.$0(OLS)http://semarc/name/42093 240 10$aDavid of Jerusalem.$0(OLS)http://semarc/title/427564 245 10$aDavide di Gerusalemme /$cLouis de Wohl. 264 1$aMilano :$bBUR Rizzoli,$c2018. 300 $a289 p. ;$c20 cm 830 0$aBUR. Contemporanea.$0(OLS)http://semarc/title/427566 850 $aSeMil 852 $aSeMil$W1$xVenegono$y1$m1V II 370$j220277$B230790$CSeMilBibl$Z2$F230790 $81 996 $6020$a978-88-17-09910-3$9(OLS)http://semarc/number/289551 996 $6245$aDavide di Gerusalemme$9(OLS)http://semarc/title/427565 996 $6264$aMilano :$bBUR Rizzoli$9(OLS)http://semarc/publisher/52829 LEADER 01304nam a2200289 i 4500 001 000000110076 003 CaOOAMICUS 005 20031130000000.0 008 031130s1993 it u000 u ita u 013 $a82757 020 $a88-7094-155-8 040 $aSeMil$bita 100 1 $aDi Nola, Gerardo <1949- >.$0(OLS)http://semarc/name/1478 245 10$aTommaso Campanella :$bil nuovo Prometeo : da Poeta-Vate-Profeta a Restauratore della politica e del diritto /$cGerardo Di Nola. 260 $aBologna :$bStudio Domenicano,$ccopyr. 1993. 300 $a272 p. ;$c21 cm. 490 0 $aLumen ;$v9 500 $aContiene : Nota bibliografica. - Fondo Card. C.M. Martini. 600 14$aCampanella, Tommaso .$0(OLS)http://semarc/subject/9557 830 0$aLumen [ESD] ;$v9.$0(OLS)http://semarc/title/4105 850 $aSeMil 852 $aSeMil$W1$xVenegono$y1$m2P I 131$j65998$B65998$CSeMilBibl$Z2$F83932 $81 941 1 $a4 961 $aOmaggio: Martini Card. Carlo Maria 996 $6020$a88-7094-155-8$9(OLS)http://semarc/number/91698 996 $6245$aTommaso Campanella :$bil nuovo Prometeo : da Poeta-Vate-Profeta a Restauratore della politica e del diritto$9(OLS)http://semarc/title/159953 996 $6260$aBologna :$bStudio Domenicano$9(OLS)http://semarc/publisher/31641